ՀՀ Գիտությունների ազգային ակադեմիայի հիմնարար գիտական գրադարան  =   Fundamental Scientific Library of NAS RA
Normal view MARC view

Entry Personal Name

Number of records used in: 14

001 - CONTROL NUMBER

  • control field: 2798

003 - CONTROL NUMBER IDENTIFIER

  • control field: AM-YEHGA

005 - DATE AND TIME OF LATEST TRANSACTION

  • control field: 20250617070439.0

008 - FIXED-LENGTH DATA ELEMENTS

  • fixed length control field: 060323 a|ac|n|aab||||||||||||a |n|||||||

040 ## - CATALOGING SOURCE

  • Original cataloging agency: AM-YEHGA

100 1# - HEADING--PERSONAL NAME

  • Personal name: Վարդանյան, Աղասի Հարությունի
  • Dates associated with a name: 1891-1968

400 1# - SEE FROM TRACING--PERSONAL NAME

  • Personal name: Վարդանյան, Աղասի
  • Dates associated with a name: 1891-1968

400 1# - SEE FROM TRACING--PERSONAL NAME

  • Personal name: Վարդանյան, Աղ.
  • Fuller form of name: (Աղասի)
  • Dates associated with a name: 1891-1968

400 1# - SEE FROM TRACING--PERSONAL NAME

  • Personal name: Վարդանյան, Աղասի Արտեմի (Հարությունի)
  • Dates associated with a name: 1891-1968

400 1# - SEE FROM TRACING--PERSONAL NAME

  • Personal name: Վարդանյան, Աղասի Արտեմի,
  • Dates associated with a name: 1891-1968

400 1# - SEE FROM TRACING--PERSONAL NAME

  • Personal name: Վարդանյան, Աղ.Ա.
  • Dates associated with a name: 1891-1968

400 1# - SEE FROM TRACING--PERSONAL NAME

  • Personal name: Վարդանյան, Ա.Հ.
  • Fuller form of name: (Աղասի Հարությունի)
  • Dates associated with a name: 1891-1968

400 1# - SEE FROM TRACING--PERSONAL NAME

  • Personal name: Վարդանյան, Ա.
  • Fuller form of name: (Աղասի)
  • Dates associated with a name: 1891-1968

400 1# - SEE FROM TRACING--PERSONAL NAME

  • Control subfield: a
  • Personal name: Վարդանյան, Աղասի Արտեմի
  • Dates associated with a name: 1891-1968

400 1# - SEE FROM TRACING--PERSONAL NAME

  • Personal name: Вартанян, Агаси Арутюнович
  • Dates associated with a name: 1891-1968

400 1# - SEE FROM TRACING--PERSONAL NAME

  • Personal name: Vardanyan, Aghasi Harutyuni
  • Dates associated with a name: 1891-1968

670 ## - SOURCE DATA FOUND

  • Source citation: Խաչատրյան Հ.Հ. Գրական տեղեկատու, 1986 :
  • Information found: (Վարդանյան Աղասի Հարությունի (Արտեմի) (1891, Ալեքսանդրապոլ (այժմ՝ Լենինական) - 25.11.1968, Երևան), բանաստեղծ, ՍՍՀՄ գրող. միութ. անդամ 1917-ից)

670 ## - SOURCE DATA FOUND

  • Source citation: Անցած ուղիներով, 1968 :
  • Information found: տիտղթ. (Ա. Վարդանյան)

670 ## - SOURCE DATA FOUND

  • Source citation: Բանաստեղծություններ, 1956 :
  • Information found: տիտղթ. (Աղասի Վարդանյան); (Վարդանյան Աղասի Արտեմի (Հարությունի))

670 ## - SOURCE DATA FOUND

  • Source citation: Դեպի հեգեմոնիա, 1930 :
  • Information found: տիտղթ. (Աղ. Վարդանյան)


ՀՀ ԳԱԱ հիմնարար գիտական գրադարան
ՀՀ,Երևան 0019
Մարշալ Բաղրամյան 24/6
հեռախոս:(374-10) 52-47-50
Հետադարձ կապ

All site content, except where otherwise noted, is licensed under a
Creative Commons License